00934nas a2200241Ia 4500001001100000003000900011008004100020040001300061040001300074041001300087100003800100210001100138222001100149245005700160250001100217260002600228501008600254300001100340310001900351362002600370500026000396650003600656R008/H8238IT-RoPAU151124c99999999xx |||||||||||| ||und|| aIT-RoPAU cIT-RoPAU aITALIANO aAA.VV. gCodice Aut. SPICS: 12000 aGARAGE aGarage aGARAGE, ANNO 3-N.6 (1996)bGarage, Anno 3-N.6 (1996) a1a ed. aTORINObPARAVIAc1996 bPaulus - SPICS - Società San Paolo EM (non-commercial uses only)cCopyright2015 a184 p. aQUADRIMESTRALE aANNO 003, N.06 (1996) aSpeciale Quentin Tarantimo. Quentin Tarantino Si Racconta di S. Boni e E. Vincenti. Talking Heads Mr. T. Scrittura e Tecnica di G. Manzoli. Anawer-First/Questions-Later Formula di L. Aimeri. Finzione Necessaria, Narrazioni Postmoderne di I. Fava. Tragico, aCINEMAvPUBBLICAZIONE PERIODICA